Normal view
MARC view
- Brig (R) Mohammad Salik
Entry Personal Name
001 - CONTROL NUMBER
- control field: 48075
003 - CONTROL NUMBER IDENTIFIER
- control field: NUST
005 - DATE AND TIME OF LATEST TRANSACTION
- control field: 20210314133950.0
008 - FIXED-LENGTH DATA ELEMENTS
- fixed length control field: 210314|| aca||aabn | a|a d
040 ## - CATALOGING SOURCE
- Original cataloging agency: NUST
- Transcribing agency: NUST
100 ## - HEADING--PERSONAL NAME
- Personal name: Brig (R) Mohammad Salik
670 ## - SOURCE DATA FOUND
- Source citation: Work cat.: (NUST): Abdus Sami 48074, Evaluation of seepage control measures at tarbela dam, 2008
